| 000 | 00568nam a22001937a 4500 | ||
|---|---|---|---|
| 008 | 131031b xxu||||| |||| 00| 0 ger d | ||
| 020 | _a3540188371 | ||
| 020 | _a0387188371 | ||
| 041 | 1 | _ager | |
| 080 | _a330.101.541 | ||
| 100 | 1 | _aWestphal, Uwe. | |
| 245 | 1 | 0 |
_aMakroökonomik : _cUwe Westphal. |
| 260 |
_aBerlin ; _aNew York : _bSpringer, _c1988. |
||
| 300 |
_a530 p. ; _b25 cm. |
||
| 500 | _aVorwort : f. [V] - VII | ||
| 505 | _aIncludes bibliographical references and index. | ||
| 650 | _aMakroekonomia | ||
| 942 |
_2udc _cBK |
||
| 999 |
_c234 _d234 |
||